Hugs from heaven : (Record no. 973)
[ view plain ]
| 000 -LEADER | |
|---|---|
| fixed length control field | 00937cam a22002534a 4500 |
| 001 - CONTROL NUMBER | |
| control field | 12072876 |
| 003 - CONTROL NUMBER IDENTIFIER | |
| control field | GBCCL |
| 005 - DATE AND TIME OF LATEST TRANSACTION | |
| control field | 20241126110350.0 |
| 008 - FIXED-LENGTH DATA ELEMENTS--GENERAL INFORMATION | |
| fixed length control field | 000623s2000 laua 000 0 eng |
| 010 ## - | |
| -- | 00057497 |
| 020 ## - INTERNATIONAL STANDARD BOOK NUMBER | |
| International Standard Book Number | 1582291306 |
| 040 ## - CATALOGING SOURCE | |
| Original cataloging agency | DLC |
| Transcribing agency | DLC |
| Modifying agency | DLC |
| 042 ## - | |
| -- | pcc |
| 050 00 - | |
| -- | BV4647.F7 |
| -- | M94 2000 |
| 082 00 - DEWEY DECIMAL CLASSIFICATION NUMBER | |
| Classification number | 241.6762 |
| Edition information | 21 |
| Item number | MYE |
| 100 1# - MAIN ENTRY--PERSONAL NAME | |
| Personal name | Myers, G. A., |
| Dates associated with a name | 1955- |
| 9 (RLIN) | 1608 |
| 245 10 - TITLE STATEMENT | |
| Title | Hugs from heaven : |
| Remainder of title | celebrating friendship : sayings, scriptures, and stories from the Bible revealing God's love / |
| Statement of responsibility, etc. | G.A. Myers. |
| 260 ## - PUBLICATION, DISTRIBUTION, ETC. | |
| Place of publication, distribution, etc. | West Monroe, LA : |
| Name of publisher, distributor, etc. | Howard Pub., |
| Date of publication, distribution, etc. | c2000. |
| 300 ## - PHYSICAL DESCRIPTION | |
| Extent | vi, 120 p. : |
| Other physical details | ill. ; |
| Dimensions | 19 cm. |
| 650 #0 - SUBJECT ADDED ENTRY--TOPICAL TERM | |
| Topical term or geographic name entry element | Friendship |
| General subdivision | Religious aspects |
| -- | Christianity. |
| 9 (RLIN) | 1609 |
| 906 ## - LOCAL DATA ELEMENT F, LDF (RLIN) | |
| a | 7 |
| b | cbc |
| c | orignew |
| d | 1 |
| e | ocip |
| f | 20 |
| g | y-gencatlg |
| 942 ## - ADDED ENTRY ELEMENTS (KOHA) | |
| Source of classification or shelving scheme | Dewey Decimal Classification |
| Koha item type | Books |
| Withdrawn status | Lost status | Source of classification or shelving scheme | Damaged status | Not for loan | Home library | Current Library | Shelving location | Date acquired | Total checkouts | Full call number | Barcode | Date last seen | Date last checked out | Copy number | Price effective from | Koha item type |
|---|---|---|---|---|---|---|---|---|---|---|---|---|---|---|---|---|
| Dewey Decimal Classification | GRACE BIBLE COLLEGE | GRACE BIBLE COLLEGE | Theology | 2017-03-31 | 1 | 241.6762 MYE | 008224 | 2025-05-01 | 2017-08-03 | c.1 | 2017-03-31 | Books |